书目信息 |
| 题名: |
我的外曾祖父卡尔·马克思
|
|
| 作者: | 龙格 著 ;李渚青 译 | |
| 分册: | ||
| 出版信息: | 北京 新华出版社 1982.06 |
|
| 页数: | 215页 | |
| 开本: | 19cm | |
| 丛书名: | ||
| 单 册: | ||
| 中图分类: | A712 | |
| 科图分类: | ||
| 主题词: | 马克思,K.--生平事迹 , 马克思,K.--回忆录 | |
| 电子资源: | ||
| ISBN: | ||
| 000 | 00651nam0 2200217 45 | |
| 001 | 0181023679 | |
| 005 | 20060727110827.93 | |
| 010 | @dCNY0.65 | |
| 091 | @a11203.028 | |
| 100 | @a20810111d km y0chiy0120 ea | |
| 101 | 0 | @achi |
| 200 | 1 | @a我的外曾祖父卡尔·马克思@AWo De Wai Ceng Zu Fu Ka Er·Ma Ke Si@f(法)罗伯尔-让·龙格著@F(Fa)Luo Bo Er-Rang·Long Ge Zhu@g李渚青译 |
| 210 | @a北京@c新华出版社@d1982.06 | |
| 215 | @a215页@c照片@d19cm | |
| 606 | 0 | @a马克思,K.@x生平事迹 |
| 606 | 0 | @a马克思,K.@x回忆录 |
| 690 | @aA712@v3 | |
| 701 | 0 | @a龙格@4著 |
| 702 | 0 | @a李渚青@ALi Zhu Qing@4译 |
| 801 | @aCN@bTSTC@c20060727 | |
| 905 | @dA712@e3@f1@b79568 | |
| 我的外曾祖父卡尔·马克思/(法)罗伯尔-让·龙格著/李渚青译.-北京:新华出版社,1982.06 |
| 215页:照片;19cm |
| ISBN :CNY0.65 |
| ● |
| 相关链接 |
|
|
|
|
正题名:我的外曾祖父卡尔·马克思
索取号:A712/3
 
预约/预借
| 序号 | 登录号 | 条形码 | 馆藏地/架位号 | 状态 | 备注 |
| 1 | 0079564 | 000954202 | 第一借阅区/ [索取号:A712/3] | 在馆 | |
| 2 | 0079565 | 000954248 | 第一借阅区/ [索取号:A712/3] | 在馆 | |
| 3 | 0079566 | 000953962 | 第一借阅区/ [索取号:A712/3] | 在馆 | |
| 4 | 0079567 | 000954042 | 第一借阅区/ [索取号:A712/3] | 在馆 | |
| 5 | 0079568 | 000954006 | 第一样本阅览室/ [索取号:A712/3] | 在馆 | |
| 6 | 0425731 | 204257311 | 密集书库/ [索取号:A712/3] | 在馆 | |
| 7 | 0425732 | 204257320 | 密集书库/ [索取号:A712/3] | 在馆 | |
| 8 | 0425733 | 204257339 | 密集书库/ [索取号:A712/3] | 在馆 | |
| 9 | 0425734 | 204257348 | 密集书库/ [索取号:A712/3] | 在馆 | |
| 10 | 0439974 | 204399748 | 密集书库/ [索取号:A712/3] | 在馆 |